Statistics for River lyrics Ed Sheeran part

Click here to take the quiz!

General Stats

  • This quiz has been taken 38 times
  • The average score is 45 of 60

Answer Stats

Lyrics % Correct
I
96%
a
96%
the
93%
lover.
93%
lover,
93%
I've
89%
been
89%
river
89%
me.
89%
cheat.
89%
Been
89%
liar,
89%
All
85%
all
85%
my
85%
sins
81%
water,
81%
So
81%
thief.
81%
let
78%
run.
78%
little
78%
need
78%
holy
78%
over
78%
it
78%
to
74%
one,
74%
washing
74%
feel
70%
cause
67%
is
67%
pain.
67%
something.
67%
If
63%
Truth
63%
in
63%
don't
63%
admit
63%
gonna
59%
rain.
59%
want
59%
falling
59%
it's
56%
like
52%
now
52%
lies
52%
right
48%
are
30%
Well,
26%

Score Distribution

Percentile by Number Answered

Percent of People with Each Score

Your Score History

You have not taken this quiz